000 00812cam a2200205 a 4500
001 000014605
005 20200929163856.0
008 881221s1976 ve a b 000 0 spa
040 _aDO-SdBNP
_bspa
_dBNPHU
082 _a070.86
_bM357c
100 1 _aMarquez Rodríguez, Alexis,
_d1931-
_933067
245 1 3 _aLa comunicación impresa :
_bteoría y práctica del lenguaje periodístico /
_cAlexis Marquez Rodríguez.
260 _aCaracas, Venezuela :
_bSíntesis Dosmil,
_bTalleres Avila,
_c1976.
300 _a398 p. :
_bill. ;
_c22 cm.
504 _aBibliografía : p. 393-398.
500 _aIncluye datos biográficos del autor en la contracubierta
650 4 _aPeriodismo
_zVenezuela
_xIdioma español
_933068
650 4 _aComunicación escrita
_zVenezuela
_933069
650 4 _aIdioma español
_zVenezuela
_933070
999 _c14190
_d14190